000 00394nam a2200169Ia 4500
008 151213s9999 xx 000 0 und d
020 _a-
100 _aV. D. Mahajan
245 _aJurisprudence Legal Theory
_cV. D. Mahajan
250 _a1 st
260 _aLucknow
_bEastern Book
_c1987
300 _a3986 p.
650 _aLaw
650 _aLaw
700 _aV. D. Mahajan
999 _c2543
_d2543